000 00234nam a2200097Ia 4500
005 20251222114416.0
008 251222s1900||||xx |||||||||||||| ||spa||
082 _aDVD0010/M12/2005
245 0 _aV de venganza :V for Vendetta
942 _cDVD
999 _c2228
_d2228